[Event "Florianopolis op 10th"]
[Site "Florianopolis"]
[Date "2024.01.22"]
[Round "3"]
[White "Carvalho, Eduardo Meireles"]
[Black "Da Silva De Sena, Jefferson Ryan F"]
[Result "0-1"]
[WhiteElo "1476"]
[BlackElo "1867"]
[PlyCount "110"]
[EventDate "2024.01.20"]
[EventType "swiss"]
[EventRounds "10"]
[EventCountry "BRA"]
[SourceTitle "CB05_2024"]
[SourceDate "2024.01.31"]
[SourceVersion "1"]
[SourceVersionDate "2024.01.31"]
[SourceQuality "1"]

1. e4 Nf6 2. Nc3 d5 3. e5 Nfd7 4. d4 e6 5. Nf3 c5 6. Bb5 cxd4 7. Qxd4 a6 8. Bd3 Nc6 9. Qh4 Qc7 10. Qg3 Ndxe5 11. Bf4 Nxd3+ 12. cxd3 Qa5 13. 0-0 Qd8 14. Na4 b5 15. Bc7 Qf6 16. Nb6 Bb7 17. Nxa8 Bxa8 18. Ne5 Nd4 19. Qe3 Bc5 20. Rac1 Qe7 21. b4 Ba7 22. Bb6 Bxb6 23. Rc8+ Bd8 24. Qxd4 Bb7 25. Nc6 Bxc6 26. Rxc6 0-0 27. Qc5 Qh4 28. Rxa6 Be7 29. g3 Bxc5 30. gxh4 Bxb4 31. Rb1 Bc3 32. Rxb5 g6 33. Rb3 Rc8 34. Rba3 Kg7 35. Ra8 Rc5 36. Rb3 Bd4 37. a4 Rc2 38. Kg2 Rxf2+ 39. Kg3 Ra2 40. a5 f5 41. a6 Kf6 42. a7 Bxa7 43. d4 Ra1 44. Rb7 Bxd4 45. Rxa1 Bxa1 46. Rxh7 Be5+ 47. Kf3 Bxh2 48. h5 gxh5 49. Rxh5 Bd6 50. Ke3 e5 51. Rh6+ Ke7 52. Rh7+ Ke6 53. Rh6+ Kd7 54. Rh7+ Kc6 55. Rf7 f4+ 0-1